Southville International School and Colleges
Your cart is empty.
  • Cart
  • Lists
    Public lists Eva Luna New books Lux_list list_1
    Your lists Log in to create your own lists
  • Log in to your account
  • Your cookies
  • Search history
Southville International School and Colleges
  • Advanced search
  • Recent comments
  • Most popular
  • Libraries

Log in to your account

Log in with GOOGLE


If you do not have an external account, but do have a local account, you can still log in:

  1. Home
  2. MARC view: The law and advertising /
Normal view MARC view ISBD view

The law and advertising / (Record no. 25021)

[ view plain ]
MARC details
000 -LEADER
fixed length control field 00594nam a2200205 a 4500
005 - DATE AND TIME OF LATEST TRANSACTION
control field 20140310183555.0
008 - FIXED-LENGTH DATA ELEMENTS--GENERAL INFORMATION
fixed length control field 111111s19uu xx 00 eng d
020 ## - INTERNATIONAL STANDARD BOOK NUMBER
International Standard Book Number 978971849678
050 ## - LIBRARY OF CONGRESS CALL NUMBER
Classification number KPM 982.4
Item number .P34 2010
100 ## - MAIN ENTRY--PERSONAL NAME
Personal name Pagunsan, Sinfroso.
245 ## - TITLE STATEMENT
Title The law and advertising /
Statement of responsibility, etc Sinfrosos R. Pagunsan.
250 ## - EDITION STATEMENT
Edition statement rev. ed.
260 ## - PUBLICATION, DISTRIBUTION, ETC. (IMPRINT)
Place of publication, distribution, etc Quezon City :
Name of publisher, distributor, etc C&E,
Date of publication, distribution, etc 2010.
300 ## - PHYSICAL DESCRIPTION
Extent 205 p. :
Other physical details ill. ;
Dimensions 22 cm.
521 ## - TARGET AUDIENCE NOTE
Target audience note
650 ## - SUBJECT ADDED ENTRY--TOPICAL TERM
Topical term or geographic name as entry element Advertising
General subdivision Law and legislation
-- Philipppines
650 ## - SUBJECT ADDED ENTRY--TOPICAL TERM
Topical term or geographic name as entry element Liability (law)
General subdivision Philippines
942 ## - ADDED ENTRY ELEMENTS (KOHA)
Koha item type Books
Source of classification or shelving scheme Library of Congress Classification
Call number prefix Local
Holdings
Withdrawn status Lost status Source of classification or shelving scheme Damaged status Home library Current library Shelving location Date acquired Source of acquisition Total Checkouts Full call number Barcode Date last seen Copy number Price effective from Koha item type
    Library of Congress Classification   College Library College Library Filipiniana Section 11/11/2011 Library Fund   KPM 982.4 .P34 2010 C14058 05/08/2018 1 10/18/2013 Books

The law and advertising /

APA

Pagunsan S., . (2010). The law and advertising. Quezon City: C&E.

Chicago

Pagunsan Sinfroso, . 2010. The law and advertising. Quezon City: C&E.

Harvard

Pagunsan S., . (2010). The law and advertising. Quezon City: C&E.

MLA

Pagunsan Sinfroso, . The law and advertising. Quezon City: C&E. 2010.

  • Place hold
  • Print
  • Cite
  • Add to your cart (remove)
  • Save record
    BIBTEX Dublin Core MARCXML MARC (non-Unicode/MARC-8) MARC (Unicode/UTF-8) MARC (Unicode/UTF-8, Standard) MODS (XML) RIS
  • More searches
    Search for this title in:
    Other Libraries (WorldCat) Other Databases (Google Scholar) Online Stores (Bookfinder.com) Open Library (openlibrary.org)

Exporting to Dublin Core...

SOUTHVILLE LIBRARY

Southville International School and Colleges Library

1281 Tropical Ave. Cor. Luxembourg St., BF Homes International, Las Pinas City

Tel. No. 8256374 / 252358 Loc. 117/146

Powered by Koha